00870nam a2200229 i 4500001000300000003000900003005001700012008003900029015001500068040003500083080003200118245007800150260005500228300003900283380001700322504002600339650005100365650005300416710004100469700003200510856009800542bgKOSZ 00520200316104828.0070926s1968 pl a f 000 0 pol aPB 1969/80 aWA NcKOSZ 005/RWdKOSZ 005/RW a62(061.3)+53(061.3):513+51700aMetody geometryczne w fizyce i technice /c[red. nauk. Piotr Kucharczyk]. aWarszawa :bWydawnictwa Naukowo-Techniczne,c1968. aXVI, 373, [3] s. :bil. ;c25 cm.  aKsiążki. aBibliogr. przy rozdz. 4aGeometria różniczkowaxstosowaniexfizyka. 4aGeometria różniczkowaxstosowaniextechnika.2 aWydawnictwa Naukowo-Techniczne4pbl.1 aKucharczyk, PiotreRedakcja uhttp://koha.tu.koszalin.pl/cgi-bin/koha/opac-detail.pl?biblionumber=11542yKatalog online BPK